Statistics for One Piece: Islands

Click here to take the quiz!

General Stats

  • This quiz has been taken 354 times
  • The average score is 23 of 126

Answer Stats

HintAnswer% Correct
ParadiseAlabasta
74%
New WorldWano Country
70%
New WorldDressrosa
64%
Grand Line/Marine BaseMarineford
61%
East BlueOrange Islands
61%
Sea FloorFish-Man Island
60%
East BlueLoguetown
60%
South BlueBlack Drum Kingdom
59%
ParadiseDrum Island
59%
East BlueBaratie
57%
New WorldPunk Hazard
57%
ParadiseWater 7
56%
ParadiseEnies Lobby
55%
ParadiseSabaody Archipelago
55%
Sky OceanSkypiea
55%
Calm BeltImpel Down
54%
West Blue/Grand LineThriller Bark
52%
ParadiseJaya
49%
Calm BeltAmazon Lily
48%
New WorldZou
47%
East BlueDawn Island
34%
New WorldLaugh Tale
34%
ParadiseLong Ring Long Land
31%
New WorldElbaf
30%
North BlueGerma Kingdom
30%
Red LineReverse Mountain
30%
New WorldTotto Land
29%
West BlueOhara
26%
New World/Marine BaseG-5
24%
Sky OceanWeatheria
24%
Grand Line/Marine BaseG-1
22%
Paradise/Marine BaseG-2
22%
New WorldGreen Bit
19%
Grand LineBaltigo
18%
Unknown LocationGod Valley
17%
ParadiseBoin archipelago
16%
Red LineMary Geoise
16%
East BlueTequila Wolf
16%
East BlueConomi Islands
15%
East BlueGecko Islands
14%
ParadiseBanaro Island
13%
ParadiseCactus Island
13%
North BlueFlevance
13%
East BlueGoat Island
13%
East BlueIsland of Rare Animals
13%
New WorldLodestar Island
13%
East BlueShimotsuki Village
13%
New WorldSphinx
13%
West BlueKano Country
11%
ParadiseLulusia Kingdom
11%
New WorldRaijin Island
11%
Calm BeltRusukaina
11%
South BlueSorbet Kingdom
11%
South BlueTorino Kingdom
11%
Sky OceanBirka
10%
New WorldHachinosu
10%
ParadiseKarakuri Island
10%
East BlueShell Town
10%
North BlueSwallow Island
10%
Red LineTwin Cape
10%
South BlueBaterilla
9%
ParadiseFlorian Triangle
9%
North BlueKuen Village
9%
North BlueLvneel Kingdom
9%
North BlueMinion Island
9%
ParadiseMomoiro Island
9%
East BlueOykot Kingdom
9%
New WorldProdence Kingdom
9%
ParadisePucci
9%
Red LineRed Port
9%
New WorldRisky Red Island
9%
ParadiseKuraigana Island
8%
East BlueMirrorball Island
8%
New WorldMystoria Island
8%
ParadiseSan Faldo
8%
East BlueSixis
8%
Unknown LocationAll Blue
7%
New WorldApplenine Island
7%
Sky OceanBallon Terminal
7%
Unknown LocationBallywood Kingdom
7%
South BlueBriss Kingdom
7%
New WorldBroc Coli Island
7%
East BlueCozia
7%
New WorldFoodvalten
7%
South BlueKarate Island
7%
East BlueKumate Island
7%
ParadiseNamakura Island
7%
North BlueNotice
7%
North BlueSpider Miles
7%
ParadiseVira
7%
ParadiseBuggy's Treasure Island
6%
Sky OceanCloud End
6%
New WorldEdd War
6%
Sea FloorGoldfish Empire
6%
Sea FloorHeadband Catfish Village
6%
Sky OceanHeaven's Gate
6%
New WorldKarai Bari Island
6%
ParadiseLitte Garden
6%
ParadiseMerveille
6%
ParadiseSea Train Area
6%
New WorldShanks' Jungle Island
6%
ParadiseSt. Polar
6%
Grand LineBourgeois Kingdom
5%
ParadiseCactus Saloon
5%
South BlueCentaurea
5%
Unknown LocationGreat Kingdom
5%
ParadiseHolliday Island
5%
Unknown LocationLand of Ice
5%
ParadiseNanimonai Island
5%
Grand LineStanding Kingdom
5%
West BlueToroa
5%
Sea FloorUnderworld of the Sea
5%
ParadiseYuki's Island
5%
ParadiseGuanhao
4%
West BlueIlusia
4%
West BlueLas Camp
4%
Unknown LocationRommel Kingdom
4%
Unknown LocationRoshwan Kingdom
4%
North BlueRubeck Island
4%
North BlueMicqueot
3%
North BlueRakesh
3%
New WorldYukiryu Island
3%
Unknown LocationNakrowa
2%
Unknown LocationShishano Kingdom
2%
Unknown LocationTajine Kingdom
2%

Score Distribution

Percentile by Number Answered

Percent of People with Each Score

Your Score History

You have not taken this quiz